000 00297nam a22001337a 4500
008 180807b xxu||||| |||| 00| 0 eng d
082 _a813.52
245 _aManagerial Accounting
_cHill,M.G
260 _c2010
300 _a1
_fCD
440 _x9780073359809
760 _b13th
942 _2ddc
_cMX
999 _c46891
_d46891